| 000 | 01355cam a22003134a 4500 | ||
|---|---|---|---|
| 001 | 16101589 | ||
| 005 | 20110217153504.0 | ||
| 008 | 100223s2011 enk | b 001 0deng d | ||
| 010 | _a 2010007850 | ||
| 020 | _a9780415491440 (hardback) | ||
| 020 | _a9780415491457 (pbk.) | ||
| 020 | _a9780203847459 (ebook) | ||
| 040 |
_aDLC _cDLC |
||
| 043 | _aaw----- | ||
| 050 | 0 | 0 |
_aDS63.1 _b.G68 2011 |
| 082 | 0 | 0 |
_222 _a320.956 _bISM |
| 100 | 1 |
_aIsmael, Tareq Y. _eAuthor _922600 |
|
| 245 | 0 | 0 |
_aGovernment and Politics of the Contemporary Middle East : _bContinuity and Change / _cTareq Y. Ismael, Jacqueline S. Ismael ; with contributions from Shereen T. Ismael ... [et al.]. |
| 260 |
_aLondon : _bRoutledge, _cc2011. |
||
| 300 |
_axv, 461p. ; _c20 cm. |
||
| 504 | _aIncludes bibliographical references and index. | ||
| 541 | _aBacca ; | ||
| 651 | 0 |
_aMiddle East _xPolitics and government _y1979- _922601 |
|
| 700 | 1 |
_aIsmael, Jacqueline S. _eAuthor _922602 |
|
| 700 | 1 |
_aIsmael, Shereen T. _eContributions _922603 |
|
| 942 |
_2ddc _cBB |
||
| 999 |
_c15021 _d15021 |
||